Human Capital Relatedness and Mergers and Acquisitions (Record no. 361374)
[ view plain ]
| 000 -LEADER | |
|---|---|
| fixed length control field | 00549nam a2200181Ia 4500 |
| 008 - FIXED-LENGTH DATA ELEMENTS--GENERAL INFORMATION | |
| fixed length control field | 190406s9999 xx 000 0 und d |
| 100 ## - MAIN ENTRY--PERSONAL NAME | |
| Personal name | Kyeon Hun Lee, David C. Mauer, & Emma Qianying Xu |
| 245 ## - TITLE STATEMENT | |
| Title | Human Capital Relatedness and Mergers and Acquisitions |
| 245 ## - TITLE STATEMENT | |
| Statement of responsibility, etc | Kyeon Hun Lee, David C. Mauer, Emma Qianying Xu |
| 260 ## - PUBLICATION, DISTRIBUTION, ETC. (IMPRINT) | |
| Name of publisher, distributor, etc | CL |
| 260 ## - PUBLICATION, DISTRIBUTION, ETC. (IMPRINT) | |
| Name of publisher, distributor, etc | elsevier |
| 260 ## - PUBLICATION, DISTRIBUTION, ETC. (IMPRINT) | |
| Date of publication, distribution, etc | 2018 |
| 300 ## - PHYSICAL DESCRIPTION | |
| Extent | CL |
| 500 ## - GENERAL NOTE | |
| General note | Journal of Financial Economics |
| 650 ## - SUBJECT ADDED ENTRY--TOPICAL TERM | |
| General subdivision | Human Capital Relatedness |
| 650 ## - SUBJECT ADDED ENTRY--TOPICAL TERM | |
| General subdivision | Mergers and Aquisitions |
| 942 ## - ADDED ENTRY ELEMENTS (KOHA) | |
| Source of classification or shelving scheme | Library of Congress Classification |
| Item type | Periodicals |
| Withdrawn status | Lost status | Source of classification or shelving scheme | Damaged status | Home library | Current library | Shelving location | Date acquired | Total Checkouts | Date last seen | Price effective from | Koha item type |
|---|---|---|---|---|---|---|---|---|---|---|---|
| Library of Congress Classification | College Library | College Library | Periodical Section | 04/16/2019 | 04/16/2019 | 04/16/2019 | Periodicals |